Synopsis Theologiae Dogmaticae fundamentalis
Uloženo v:
| Hlavní autor: | |
|---|---|
| Médium: | Kniha |
| Jazyk: | latina |
| Vydáno: |
Roma
Desclée et Soc
1908
|
| Vydání: | 12a. ed |
| Témata: | |
| Tagy: |
Přidat tag
Žádné tagy, Buďte první, kdo vytvoří štítek k tomuto záznamu!
|
MARC
| LEADER | 00000cam a2200000 a 4500 | ||
|---|---|---|---|
| 001 | UCD2440 | ||
| 003 | CL-VaPUC | ||
| 008 | 160428e19080000it |||||||||||||||||lat|d | ||
| 082 | 0 | 4 | |a 234.16 |b TAN |2 21 |
| 100 | 0 | |a Tanquerey, Ad |e author |9 585790 | |
| 245 | 1 | 0 | |a Synopsis Theologiae Dogmaticae fundamentalis |
| 250 | |a 12a. ed | ||
| 300 | |a v | ||
| 942 | |c BK | ||
| 945 | |d 20160428 21:50:00 |a dcastane | ||
| 260 | |a Roma |b Desclée et Soc |c 1908 | ||
| 500 | |a v.1: de vera religione, de Ecclesia, de fontibus theologicis | ||
| 500 | |a v.2: de fide, de Deo Uno et Trino, de Deo Creante et Elevante, de Verbo Incarnato | ||
| 500 | |a v.3: de FDeo Sanctificante et Remuneratore seu de Gratia, de Sacramentis et de Novissimis | ||
| 650 | 0 | |a Teología dogmática |9 313198 | |
| 650 | 0 | |a Teología fundamental |9 313207 | |
| 583 | |a last modification |c 20160428 21:50:00 |k Rodrigo Vera | ||
| 999 | |c 363602 |d 363600 | ||
| 952 | |0 0 |1 0 |3 erd |4 0 |6 234_160000000000000_TAN_1908 |7 0 |8 X |9 476127 |a BIBTEO |b BIBTEO |c TEO_FFR |h v.1 |i 5227682 |o 234.16 TAN 1908 |p 5227682 |r 2024-01-18 |w 2019-11-24 |y BK_X |z Catalogado en:20160428 |k OFM | ||
| 952 | |0 0 |1 0 |3 erd |4 0 |6 234_160000000000000_TAN_1908 |7 0 |8 X |9 476128 |a BIBTEO |b BIBTEO |c TEO_FFR |h v.2 |i 5227690 |o 234.16 TAN 1908 |p 5227690 |r 2024-01-18 |w 2019-11-24 |y BK_X |z Catalogado en:20160428 |k OFM | ||
| 952 | |0 0 |1 0 |3 erd |4 0 |6 234_160000000000000_TAN_1908 |7 0 |8 X |9 476129 |a BIBTEO |b BIBTEO |c TEO_FFR |h v.3 |i 5227704 |o 234.16 TAN 1908 |p 5227704 |r 2024-01-18 |w 2019-11-24 |y BK_X |z Catalogado en:20160428 |k OFM | ||
| 952 | |0 0 |1 0 |3 erd |4 0 |6 234_160000000000000_TAN_1908 |7 0 |8 X |9 476130 |a BIBTEO |b BIBTEO |c TEO_FFR |h t.1 |i 523512K |o 234.16 TAN 1908 |p 523512K |r 2024-01-18 |w 2019-11-24 |y BK_X |z Catalogado en:20160609 |k OFM | ||
| 952 | |0 0 |1 0 |3 erd |4 0 |6 234_160000000000000_TAN_1908 |7 0 |8 X |9 476131 |a BIBTEO |b BIBTEO |c TEO_FFR |h t.1 |i 5237254 |o 234.16 TAN 1908 |p 5237254 |r 2024-01-18 |w 2019-11-24 |y BK_X |z Catalogado en:20160609 |k OFM | ||
| 952 | |0 0 |1 0 |3 erd |4 0 |6 234_160000000000000_TAN_1908 |7 0 |8 X |9 476132 |a BIBTEO |b BIBTEO |c TEO_FFR |h t.2 |i 5237262 |o 234.16 TAN 1908 |p 5237262 |r 2024-01-18 |w 2019-11-24 |y BK_X |z Catalogado en:20160609 |k OFM | ||